| 000 | 00692cam a22002293a 4500 | ||
|---|---|---|---|
| 001 | 39667 | ||
| 003 | PGUSA | ||
| 005 | 20140828083900.0 | ||
| 008 | 120511s2012||||xxu|||||s|||||000 | eng d | ||
| 040 |
_aPGUSA _beng |
||
| 042 | _adc | ||
| 100 | 1 |
_aGumbel, Emil Julius, _d1891-1966 |
|
| 245 | 1 | 0 |
_aVier Jahre Politischer Mord _h[electronic resource] / _cEmil Julius Gumbel |
| 260 |
_bProject Gutenberg, _c2012 |
||
| 506 | _aPublic domain in the USA. | ||
| 516 | _aElectronic text | ||
| 653 | _aPolitical crimes and offenses -- Germany | ||
| 653 | _aGermany -- History -- 1918-1933 | ||
| 830 | 0 |
_aProject Gutenberg _v39667 |
|
| 856 | 4 | 0 | _uhttp://www.gutenberg.org/ebooks/39667 |
| 942 | _cEB | ||
| 999 |
_c268920 _d268920 |
||